[Event "EICC 2021"]
[Site "Reykjavik"]
[Date "2021.09.03"]
[Round "9.7"]
[White "Nisipeanu, Liviu-Dieter"]
[Black "Pantsulaia, Levan"]
[Result "1/2-1/2"]
[WhiteElo "2671"]
[BlackElo "2564"]
[Annotator "TA"]
[PlyCount "191"]
[EventDate "2021.08.26"]
[EventType "swiss"]
[EventCountry "ISL"]
[Tiebreak "Cut1 Buchholz"]
[SourceTitle "playchess.com"]
[Source "ChessBase"]
[SourceQuality "1"]

{[%evp 12,191,29,28,34,18,15,23,41,38,41,28,54,38,55,56,59,53,48,40,47,47,60,
67,87,88,183,178,175,165,178,189,275,86,89,-12,-16,-6,-13,-11,-8,-14,-14,-10,
-8,-9,-16,-22,-7,-22,0,-46,-51,-47,-40,-46,-47,-56,-41,-64,-62,-111,-14,-10,0,
0,0,-11,0,0,0,-15,-13,-13,-17,-22,0,-8,-8,-8,-8,-8,-8,-8,-8,-8,-8,-8,-8,-8,-8,
-8,-8,-8,-8,-8,-8,-8,-8,-8,-8,-8,-8,-8,-8,-8,-8,-8,-8,-8,-8,-8,-8,-8,-8,-8,-8,
-8,-8,-8,0,-8,-8,-8,0,-8,0,-8,0,0,0,0,0,0,0,0,0,0,0,-8,-8,-8,-8,-8,-8,-8,0,-8,
-8,-8,-8,-8,-8,-8,-8,-8,-8,-8,0,0,0,0,0,0,0,0,0,0,0,0,0,0,0,0,0,0,0,0,0,0,0,0]
} 1. e4 c6 2. d4 d5 3. e5 Bf5 4. Nf3 e6 5. Be2 Nd7 6. O-O Ne7 7. Nbd2 h6 {
B12: Caro-Kann: Advance Variation.} 8. Nb3 g5 $1 {8...g5 scores better than 8..
.Bh7.} 9. a4 a5 {White has an edge.} 10. Ne1 Qc7 11. Nd3 Ng6 12. Be3 Be7 {[#]}
13. Rc1 $146 ({Predecessor:} 13. Qd2 f6 14. Bh5 O-O-O 15. Bxg6 Bxg6 16. exf6
Bd6 17. f4 Nxf6 18. Qxa5 Qxa5 19. Nxa5 {1/2-1/2 (39) Schelle,A (2219)
-Schneider Zinner,H (2402) Aschach 2017}) 13... f6 {[%cal Rf6e5]} 14. Bh5 O-O-O
$1 {[%cal Rf6e5]} 15. exf6 Bxf6 16. Ndc5 {aiming for g4.} Nxc5 17. Nxc5 {
Strongly threatening g4.} Nf8 18. c4 Kb8 (18... Nd7 $16 {might work better.})
19. cxd5 $18 Rxd5 20. Bf3 Rd6 21. Qb3 $1 {Na6+ is the strong threat.} Ka8 {[#]}
(21... Kc8 {keeps fighting.} 22. Rfd1 Nd7) 22. Rc4 $2 (22. Na6 $1 $18 {[%cal
Ra6c7][%mdl 512] is the precise move to win.} Qd8 23. Nc5) 22... Nd7 $16 {[#]}
23. Rfc1 (23. Nxb7 $1 $16 Qxb7 24. Qc3) 23... Nxc5 $11 24. Rxc5 g4 $1 {[%cal
Rg4f3]} ({But not} 24... Bxd4 $2 25. Bxd4 Rhd8 26. Be5 $18) 25. Be2 Bxd4 26.
Bxd4 Rxd4 27. Qc3 {[%mdl 64] Double Attack} Rhd8 28. Rxa5+ Kb8 29. Rc5 Qf4 $36
{[%mdl 2048] Black has good play.} 30. b3 Rd2 31. Qe5+ (31. Rc4 {with more
complications.} R8d4 32. Rxc6 bxc6 33. Qxc6 Rd8 34. Qb5+) 31... Qxe5 32. Rxe5
Rb2 33. Re3 Rdd2 34. Re1 Kc7 35. h3 gxh3 36. g4 Bh7 (36... Bc2 $17 37. Bc4 Bd1
38. Rxh3 Bxg4) 37. Kh2 {The position is equal.} Bg8 38. Kxh3 e5 39. Rxe5 Rxb3+
40. Kh4 Bd5 41. Kh5 Kd6 42. Re3 Rxe3 43. fxe3 {[%mdl 4096] Endgame KRB-KRB} Ra2
44. Bd3 Rxa4 45. e4 Bf7+ 46. Kxh6 Ke5 {White should prevent ...c5.} 47. Rb1 b5
48. Bxb5 cxb5 49. Rxb5+ Kxe4 {KRB-KR} 50. g5 Ra6+ 51. Kg7 Be8 52. Rb8 Bh5 53.
Rb4+ Kf5 54. Rb5+ Kf4 (54... Ke6 {keeps more tension.} 55. g6 Be2 56. Rg5 Bd3
57. Rg3 Bf5) 55. Rb4+ Kxg5 (55... Ke5 {feels hotter.} 56. Rb5+ Ke6 57. g6 Be2
58. Rb3 Kf5) 56. Rb5+ Kh4 57. Rb4+ Bg4 58. Rb5 Kg3 59. Kf7 Kf4 60. Rb4+ Kg5 61.
Ke7 Bf5 62. Rb5 Rc6 (62... Re6+ {with more complications.} 63. Kd8 Rc6 64. Ke7
Rh6 65. Ra5 Kf4) 63. Rd5 Rb6 64. Rc5 Rb2 65. Kd6 Kf6 66. Kd5 (66. Rd5 {is
interesting.} Rc2 67. Rd1 Bh3 68. Re1 Rc8 69. Rg1) 66... Rd2+ 67. Kc4 Be4 68.
Kc3 (68. Ra5 {feels hotter.} Rd3 69. Rh5 Rd2 70. Kc5 Rc2+ 71. Kb4) 68... Rd1
69. Kc4 (69. Kb4 {looks sharper.} Rd7 70. Rh5 Rd8 71. Rh6+ Kg5 72. Ra6) 69...
Ke6 70. Rh5 $1 Bf5 71. Rh8 Ke5 72. Re8+ Be6+ 73. Kc3 Rd6 (73... Kf6 {looks
sharper.} 74. Rh8 Ra1 75. Rh6+ Ke5 76. Rh5+ Kf4) 74. Rh8 Rc6+ 75. Kd3 Bf5+ 76.
Ke3 Bg6 77. Rb8 Rc3+ 78. Kd2 Rd3+ (78... Rc5 {feels hotter.} 79. Rb4 Bf5 80.
Ke3 Rd5 81. Ra4 Rd3+) 79. Ke2 Kf4 80. Rf8+ Ke4 81. Rh8 Bf5 82. Rh4+ Ke5 83. Rb4
Be4 (83... Rd6 {feels hotter.} 84. Ra4 Be4 85. Ra1 Bg6 86. Ke3 Rd3+) 84. Rb8
Ra3 (84... Rd5 {feels hotter.} 85. Ke3 Bf5 86. Rb4 Bh7 87. Rh4 Bg6) 85. Kd2 Kf4
(85... Bg2 {seems wilder.} 86. Rb6 Bd5 87. Rb4 Ra1 88. Rh4 Bf3) 86. Rf8+ Bf5
87. Rd8 Ra2+ 88. Kc3 Rc2+ 89. Kb3 Rc7 90. Re8 Be4 91. Kb4 (91. Rd8 {keeps more
tension.} Ke5 92. Re8+ Kf4) 91... Ke3 (91... Bb1 {is more complex.} 92. Rf8+
Kg5 93. Rh8 Bc2 94. Rg8+ Kf6) 92. Rd8 Bf5 93. Rd6 Ke4 94. Rd1 Ke5 95. Rd2 Be4
96. Rd1 {Weighted Error Value: White=0.12/Black=0.11} 1/2-1/2

[Event "EICC 2021"]
[Site "Reykjavik"]
[Date "2021.09.03"]
[Round "9.8"]
[White "Grandelius, Nils"]
[Black "Ivic, Velimir"]
[Result "1/2-1/2"]
[WhiteElo "2666"]
[BlackElo "2571"]
[Annotator "TA"]
[PlyCount "54"]
[EventDate "2021.08.26"]
[EventType "swiss"]
[EventCountry "ISL"]
[Tiebreak "Cut1 Buchholz"]
[SourceTitle "playchess.com"]
[Source "ChessBase"]
[SourceQuality "1"]

{[%evp 9,54,0,11,3,15,0,0,0,7,12,18,-16,45,64,66,-3,27,0,12,-8,-8,-5,-6,-14,12,
26,34,-9,-6,-26,-39,-50,-54,-60,-37,-32,0,0,2,0,0,0,0,0,0,0,0]} 1. d4 Nf6 2.
Nf3 d5 3. Bf4 c5 4. e3 e6 5. Nbd2 Bd6 6. Bb5+ {D02: 1 d4 d5 2 Nf3 sidelines,
including 2...Nf6 3 g3 and 2...Nf6 3 Bf4.} Nc6 $1 7. Bg3 O-O 8. c3 Bxg3 9. hxg3
Qb6 10. Qa4 (10. Bxc6 $5 bxc6 11. Qc2 $11) 10... a6 (10... cxd4 $11 11. exd4
Bd7) 11. Bxc6 $14 bxc6 12. Qa3 ({Better is} 12. Qc2 $14) 12... Rb8 13. b3 Nd7
14. Rc1 a5 15. O-O Ba6 16. Rfe1 {[#]} Bd3 $146 ({Predecessor:} 16... Rfc8 17.
Ne5 Nxe5 18. dxe5 Bd3 19. c4 Qb4 20. Qb2 Bxc4 21. Qc3 Bb5 22. Red1 d4 23. Qxc5
Qxc5 24. Rxc5 dxe3 25. fxe3 {1/2-1/2 (38) Thakur,A (2311)-Smirnova,E (2184)
Pardubice 2019}) 17. c4 cxd4 18. exd4 Qb4 19. Qxb4 axb4 20. cxd5 cxd5 21. Rc7
Bb5 22. Rec1 f6 23. Ne1 {The position is equal.} Rfd8 24. Nc2 Bd3 25. Ne1 Bb5
26. Nc2 Bd3 27. Ne1 Bb5 {Weighted Error Value: White=0.14/Black=0.12} 1/2-1/2

[Event "EICC 2021"]
[Site "Reykjavik"]
[Date "2021.09.03"]
[Round "9.9"]
[White "Fridman, Daniel"]
[Black "Saric, Ivan"]
[Result "1-0"]
[WhiteElo "2621"]
[BlackElo "2653"]
[Annotator "TA"]
[PlyCount "115"]
[EventDate "2021.08.26"]
[EventType "swiss"]
[EventCountry "ISL"]
[Tiebreak "Cut1 Buchholz"]
[SourceTitle "playchess.com"]
[Source "ChessBase"]
[SourceQuality "1"]

{[%evp 20,115,7,0,0,3,23,20,20,32,26,35,39,50,47,46,54,46,81,81,83,104,93,93,
79,61,124,122,233,247,245,254,241,258,258,258,257,258,257,255,254,246,252,244,
248,233,289,289,308,308,308,302,332,331,338,338,338,331,332,332,339,339,339,
331,331,338,331,331,338,338,345,345,338,338,338,338,338,338,338,338,341,333,
325,325,401,392,718,711,689,682,625,557,805,814,811,806,792,780]} 1. Nf3 Nf6 2.
d4 g6 3. g3 d5 4. Bg2 Bg7 5. c4 c6 6. cxd5 cxd5 7. Nc3 O-O 8. Ne5 b6 9. O-O Bb7
10. Bf4 Nc6 11. Rc1 Rc8 {D79: Fianchetto Grünfeld: Symmetrical Variation (6
0-0 c6 7 cxd5 cxd5).} 12. Qa4 a6 13. Nxc6 Rxc6 {[#] The position is equal.} 14.
Nb1 $5 $146 {[%mdl 8] An interesting novelty.} ({Predecessor:} 14. Qb3 e6 15.
Na4 Nd7 16. Rxc6 Bxc6 17. Rc1 Bb5 18. Nc3 Bc6 19. Na4 Bb5 20. Nc3 Bc6 21. Na4
Bb7 22. Nc3 {1/2-1/2 (22) Ramirez Alvarez,A (2567)-Xiong,J (2672) Burlingame
2019}) 14... Qa8 15. Qb4 a5 16. Qxe7 Re8 17. Qa3 Rxe2 18. Nc3 {[%cal Bb1c3,
Bc3b5,Bb5c7][%mdl 32]} Re8 19. Nb5 Ba6 20. Nc7 Rxc7 21. Rxc7 {Rfc1 is the
strong threat.} Bxf1 22. Bxf1 Qd8 (22... Rf8 $14) 23. Bb5 $1 $16 {[%cal Rb5e8]}
Re1+ (23... Rf8 $16) 24. Kg2 $18 {Hoping for Qc3.} Nh5 {[#]} 25. Qc3 $1 ({
Weaker is} 25. Qd6 Nxf4+ 26. Qxf4 Re7 $11) 25... Nxf4+ 26. gxf4 {Strongly
threatening Rc8!} Bf8 {[#]} 27. Rc8 $1 {[%cal Rc8d8]} ({Inferior is} 27. Qxe1
Qxc7 28. f5 Bh6 $11) 27... Qe7 28. Re8 Qxe8 29. Bxe8 Rxe8 {[%mdl 4096] Endgame
KQ-KRB} 30. Qc6 Re6 31. Qxd5 Rf6 32. f5 gxf5 33. Kf3 Kg7 34. Ke2 Bd6 35. h3 f4
36. Qf3 h6 37. Kd3 Bf8 38. Kc4 Kg8 39. Kb5 Bg7 40. Qa8+ Bf8 41. Qg2+ Bg7 42.
Qd5 Bf8 43. Qe5 Kg7 44. f3 Bd6 45. Qe4 Re6 46. Qb7 Bb4 47. Qc7 Rf6 48. a3 Bf8
49. Qc1 Kg8 50. Qc2 Bg7 51. Qe4 Rd6 52. Qe8+ Kh7 $2 (52... Bf8 53. Qe5 Re6) 53.
Qxf7 {White is clearly winning.} Rxd4 54. Kxb6 a4 55. Kc5 Rd2 56. Qxf4 Rc2+ 57.
Kd5 Rxb2 58. Qxa4 {Weighted Error Value: White=0.02/Black=0.12} 1-0

[Event "EICC 2021"]
[Site "Reykjavik"]
[Date "2021.09.03"]
[Round "9.10"]
[White "Deac, Bogdan-Daniel"]
[Black "Van Foreest, Lucas"]
[Result "1-0"]
[WhiteElo "2639"]
[BlackElo "2544"]
[Annotator "TA"]
[PlyCount "119"]
[EventDate "2021.08.26"]
[EventType "swiss"]
[EventCountry "ISL"]
[Tiebreak "Cut1 Buchholz"]
[SourceTitle "playchess.com"]
[Source "ChessBase"]
[SourceQuality "1"]

{[%evp 17,119,12,20,0,10,12,14,20,22,15,15,8,20,36,32,14,20,0,19,0,0,-17,-20,
-9,-19,-5,-7,-5,0,0,71,4,18,0,0,-13,20,19,25,22,24,16,49,39,32,31,43,39,38,20,
21,14,29,18,25,30,38,9,64,60,66,72,108,99,122,141,137,126,130,124,121,110,119,
116,269,267,464,464,464,456,413,408,1287,1028,12833,12834,12836,12837,12839,
12839,12841,12840,12842,12843,12843,12842,12842,12842,12842,12843,12844,12844,
12845,12846]} 1. d4 Nf6 2. c4 e6 3. Nf3 d5 4. g3 Be7 5. Bg2 O-O 6. O-O dxc4 7.
Qc2 a6 8. a4 Bd7 9. Qxc4 Bc6 10. Be3 $5 {[%mdl 4] [#] Leaves trodden paths.
E05: Open Catalan: 5 Nf3 Be7.} a5 $146 ({Predecessor:} 10... Nbd7 11. Nc3 Nd5
12. Bd2 a5 13. Qd3 f5 14. Qc4 Bf6 15. Qb3 N7b6 16. Ne5 Bxe5 17. dxe5 Qe8 {
1-0 (43) Fedoseev,V (2696)-Raja,H (2484) Belgrade 2021}) 11. Nc3 Na6 12. Rac1 {
The position is equal.} h6 13. Rfd1 Nb4 14. Ne5 {[%cal Re5c6]} Bxg2 15. Kxg2 c6
16. Qb3 Re8 17. Nf3 Rc8 18. Bd2 Qb6 19. Na2 Qa6 20. Nxb4 axb4 21. e3 Ra8 22.
Ra1 $1 ({Don't go for} 22. Bxb4 $2 Qb6 $19) 22... Qa5 23. Ne5 Reb8 (23... c5
$11 {remains equal.}) 24. f3 (24. Nd3 $16) 24... Nd5 25. e4 Nb6 26. Qc2 Rd8 27.
Be3 Nd7 28. Nc4 Qa6 29. b3 b5 30. axb5 Qxb5 31. Bf2 Ra6 32. Rxa6 Qxa6 33. d5 (
33. h4 {keeps more tension.} Ra8 34. g4 Qa2 35. Rd2 Qa6 36. Bg3) 33... cxd5 34.
exd5 exd5 (34... Nf8 {is more complex.} 35. Nb6 Qb7 36. Qc4 Ng6 37. h4 Qb8) 35.
Rxd5 Nf6 36. Rxd8+ Bxd8 37. Bc5 Qb7 (37... Nd5 $11) 38. Qe2 $14 Qb5 39. Qe5 Qd7
40. Qb8 {Black must now prevent Bb6.} Kh7 41. Qxb4 Qd3 42. Bf2 Nd5 43. Qd2 Qxd2
44. Nxd2 $16 {[%mdl 4096] Endgame KBN-KBN} Be7 45. Nc4 f5 $2 {[#] A mistake
that costs the game.} (45... Kg6 $16 {might work better.}) 46. Ne3 $1 $18 {
[%cal Re3d5]} Nxe3+ (46... Nc3 47. Nxf5 Bf8) 47. Bxe3 {KB-KB} Kg6 48. g4 Bb4
49. Bd4 fxg4 (49... Bf8 $142 50. h3 h5) 50. fxg4 {White is clearly winning.}
Kf7 51. h4 g6 {[#]} 52. h5 $1 gxh5 53. gxh5 Ke6 54. Kf3 Kf5 55. Be3 Bf8 56. Bf4
Kf6 57. Ke4 Ke6 58. Be3 Kf6 59. Bd2 Ke6 60. b4 {Weighted Error Value: White=0.
07/Black=0.21} 1-0

[Event "EICC 2021"]
[Site "Reykjavik"]
[Date "2021.09.03"]
[Round "9.11"]
[White "Huschenbeth, Niclas"]
[Black "Lagarde, Maxime"]
[Result "1/2-1/2"]
[WhiteElo "2592"]
[BlackElo "2631"]
[Annotator "TA"]
[PlyCount "155"]
[EventDate "2021.08.26"]
[EventType "swiss"]
[EventCountry "ISL"]
[Tiebreak "Cut1 Buchholz"]
[SourceTitle "playchess.com"]
[Source "ChessBase"]
[SourceQuality "1"]

{[%evp 16,155,32,1,37,0,0,-8,0,0,-2,-29,-24,-25,0,-15,-22,-20,-19,-18,-22,-14,
0,0,0,0,0,0,0,8,15,8,23,8,24,2,31,0,0,0,0,-35,8,0,10,9,9,10,10,12,12,12,12,12,
12,12,17,0,0,0,0,0,0,0,0,0,3,3,3,0,0,0,0,0,0,0,0,-8,-8,-8,-8,-8,-8,-8,-8,-8,-8,
-8,-8,-8,-8,-8,-8,-8,-8,-8,-8,-8,-8,-8,-8,-8,-8,-8,-8,-8,-8,-8,-8,-8,-8,-8,-8,
-8,-8,-8,-8,-8,-8,-22,-22,-63,-63,-63,-63,-79,-79,-79,-79,-79,-79,-75,-75,-75,
-8,-8,-8,-8,-8,-8,-8,-8]} 1. e4 c5 2. Nf3 Nc6 3. d4 cxd4 4. Nxd4 Nf6 5. Nc3 e5
6. Ndb5 d6 7. Bg5 a6 8. Na3 b5 9. Nab1 Ne7 {B33: Sicilian: Pelikan and
Sveshnikov Variations.} 10. Bxf6 gxf6 {[#]} 11. Bd3 $146 ({Predecessor:} 11.
Be2 Bb7 12. h3 f5 {1/2-1/2 (13) Horvath,P (2420)-Talaber,I (2280) Nyiregyhaza
1996}) 11... b4 12. Ne2 f5 {next ...fxe4 is good for Black.} 13. exf5 d5 14. c3
Nxf5 15. Ng3 Nxg3 16. hxg3 e4 17. Bc2 Bg7 18. Ba4+ Kf8 19. Bc6 Rb8 20. Qxd5
Qxd5 (20... Qe7 {with more complications.} 21. Qxe4 bxc3 22. bxc3 Bf5 23. Qxe7+
Kxe7 24. O-O Rhd8) 21. Bxd5 f5 22. Nd2 Ke7 23. Rc1 bxc3 24. bxc3 a5 25. Rh5 Rd8
26. Bb3 Kf6 27. g4 Kg6 28. Rh1 a4 29. Bxa4 Rb2 30. gxf5+ Bxf5 31. Nc4 {[%cal
Rc4b2]} Rxa2 32. Bb3 Bxc3+ 33. Kf1 Ra1 34. Rxa1 Bxa1 35. Ne3 Bc8 36. Bc2 Bb7
37. Rh4 Ba6+ 38. Kg1 Bd3 39. Rg4+ Kf6 40. Rf4+ Ke5 41. Rf5+ Kd4 42. Rf7 Kc3 43.
Rxh7 Kd2 44. Ra7 Bd4 45. Ra2 Ke1 46. g3 (46. g4 {looks sharper.} Bxe3 47. fxe3
Rg8 48. Kh2 Bc4 49. Ra5) 46... Bxe3 47. fxe3 $11 {[%mdl 4096] Endgame KRB-KRB}
Rf8 48. Bb3 Rf3 49. Kh2 Rxe3 {Strongly threatening ...Re2+.} 50. Bd5 Rf3 51.
Ra3 Rf2+ 52. Kh3 Re2 53. g4 Kf2 54. g5 Rd2 {White must now prevent ...e3.} 55.
Bxe4 Bxe4 {KRB-KR} 56. Kg4 Bg6 (56... Bb1 {feels hotter.} 57. Kf4 Kg2 58. Rg3+
Kh2 59. Rb3 Rf2+) 57. Kf4 Re2 {[%csl Gg6][%cal Re2e4]} 58. Rf3+ Kg2 {[%csl Gg6]
[%cal Re2e4]} 59. Re3 Rf2+ 60. Kg4 $1 Ra2 (60... Rb2 {keeps more tension.} 61.
Rg3+ Kf1 62. Rf3+ Ke2 63. Rf6 Rb4+) 61. Rg3+ Kf2 {( -> ...Ra4+)} 62. Rf3+ Ke2 {
Threatens to win with ...Bh5+!} 63. Rf6 $1 {[%cal Rf6g6]} Ra4+ 64. Rf4 Ra1 65.
Rf6 Rg1+ 66. Kf4 Bd3 67. Re6+ Kd2 68. Rd6 Rf1+ 69. Kg4 $1 Ke3 $1 70. g6 Rg1+ $1
71. Kh5 {[#]} Kf4 $1 {[%cal Rg1h1]} 72. Kh6 {[#]} (72. Rf6+ Bf5) 72... Bf5 $1
73. Kg7 {[#]} Kg5 $1 74. Kf7 Kh6 ({Black should try} 74... Bc2 $17) 75. g7+ $1
{The position is equal.} Kh7 76. g8=Q+ Rxg8 77. Rh6+ $1 Kxh6 78. Kxg8 {
Weighted Error Value: White=0.05/Black=0.04} 1/2-1/2

[Event "EICC 2021"]
[Site "Reykjavik"]
[Date "2021.09.03"]
[Round "9.12"]
[White "Nguyen, Thai Dai Van"]
[Black "Vocaturo, Daniele"]
[Result "0-1"]
[WhiteElo "2588"]
[BlackElo "2630"]
[Annotator "TA"]
[PlyCount "76"]
[EventDate "2021.08.26"]
[EventType "swiss"]
[EventCountry "ISL"]
[Tiebreak "Cut1 Buchholz"]
[SourceTitle "playchess.com"]
[Source "ChessBase"]
[SourceQuality "1"]

{[%evp 13,76,11,12,12,12,11,14,11,26,26,41,26,33,34,38,35,56,50,75,65,72,64,78,
72,101,95,98,14,0,2,12,15,4,-3,5,0,0,-18,0,-45,-45,-45,-43,-43,-47,-83,-84,-98,
-67,-241,-241,-233,-230,-277,-267,-254,-250,-552,-541,-517,-443,-430,-373,-341,
-339]} 1. d4 Nf6 2. c4 e6 3. Nc3 Bb4 4. e3 b6 5. Nge2 Ne4 6. Bd2 Nxd2 7. Qxd2
Bb7 8. a3 {E44: Nimzo-Indian: Rubinstein: 4...b6 5 Ne2.} Be7 9. d5 O-O 10. g3 {
[#] The position is equal.} Na6 $1 $146 {[%mdl 8] A relevant novelty.} ({
Predecessor:} 10... a5 11. Bg2 Na6 12. Rb1 Nc5 13. b4 axb4 14. axb4 Na6 15. Na2
c5 16. O-O exd5 17. cxd5 {1-0 (40) Polak,T (2527)-Baumegger,S (2432) Austria
2019}) 11. Rd1 c5 12. Bg2 d6 13. O-O {Hoping for dxe6.} e5 14. f4 Bf6 15. Ne4
Bc8 16. N2c3 exf4 17. Nxf6+ ({Reject} 17. Rxf4 $6 Be5 $11) 17... Qxf6 18. gxf4
Bg4 19. Rde1 Nc7 20. Ne4 (20. Qf2 $16) 20... Qg6 $1 $11 21. Kh1 Rae8 22. Nf2 f5
23. Rg1 Qh5 24. h3 Bf3 25. Kh2 Re7 26. Nh1 {[#] Strongly threatening Ng3.} Bxg2
27. Rxg2 Ne8 28. Rg5 Qh4 29. Qf2 Qxf2+ 30. Nxf2 g6 31. b4 $2 {White does not
recover from this.} (31. Nd1 $15) 31... Nf6 $19 32. bxc5 bxc5 33. Rg2 Rb8 34.
e4 Nh5 ({Not} 34... Nxe4 35. Nxe4 fxe4 36. f5 $17) ({But not} 34... fxe4 35. f5
$17) 35. Rgg1 $2 (35. Re3) 35... Rb2 36. Rgf1 Nxf4 37. Kg3 Rxf2 {[%mdl 64] [#]
Remove Defender, Decoy} 38. Rxf2 Nd3 {[%mdl 64] Double Attack.  Weighted Error
Value: White=0.29/Black=0.11} 0-1

[Event "EICC 2021"]
[Site "Reykjavik"]
[Date "2021.09.03"]
[Round "9.13"]
[White "Nagy, Gabor"]
[Black "Hovhannisyan, Robert"]
[Result "1/2-1/2"]
[WhiteElo "2518"]
[BlackElo "2626"]
[Annotator "TA"]
[PlyCount "38"]
[EventDate "2021.08.26"]
[EventType "swiss"]
[EventCountry "ISL"]
[Tiebreak "Cut1 Buchholz"]
[SourceTitle "playchess.com"]
[Source "ChessBase"]
[SourceQuality "1"]

{[%evp 19,38,2,2,0,0,0,27,0,0,0,0,0,0,0,0,6,0,0,0,0,0]} 1. d4 d5 2. c4 c6 3.
Nf3 Nf6 4. Nc3 e6 5. e3 Nbd7 6. Qc2 Bd6 7. Bd3 O-O 8. O-O dxc4 9. Bxc4 b5 10.
Bd3 Bb7 11. Ng5 {[%cal Rd3h7] 11.e4 is a critical line. D46: Semi-Slav: 5 e3
Nbd7 6 Bd3, Black avoids the Meran.} h6 12. Nge4 Bb8 {[#]} 13. a4 $146 {
White has an edge.} ({Predecessor:} 13. f4 Qb6 14. a4 Nxe4 15. a5 Qc7 16. Nxe4
f5 17. Nc5 Nxc5 18. dxc5 a6 19. b4 {1-0 (34) Enchev,I (2451)-Ninov,N (2504)
Bankia 2013}) 13... b4 {The position is equal.} 14. Nxf6+ Nxf6 15. Ne4 Nxe4 16.
Bxe4 Bd6 17. b3 Qc7 18. g3 c5 19. dxc5 {[#] aiming for Bxb7.} Bxe4 {Not much
happened in this game.  Weighted Error Value: White=0.04/Black=0.03} 1/2-1/2

[Event "EICC 2021"]
[Site "Reykjavik"]
[Date "2021.09.03"]
[Round "9.14"]
[White "Lupulescu, Constantin"]
[Black "Kacharava, Nikolozi"]
[Result "1/2-1/2"]
[WhiteElo "2659"]
[BlackElo "2453"]
[Annotator "TA"]
[PlyCount "73"]
[EventDate "2021.08.26"]
[EventType "swiss"]
[EventCountry "ISL"]
[Tiebreak "Cut1 Buchholz"]
[SourceTitle "playchess.com"]
[Source "ChessBase"]
[SourceQuality "1"]

{[%evp 9,73,18,16,18,15,6,13,2,10,0,0,0,12,0,0,0,0,1,0,-17,19,27,35,0,0,0,18,
10,84,85,48,-1,-11,-14,0,-9,-5,-16,-10,-5,-2,-3,-3,-3,-4,-5,0,0,0,0,0,0,0,0,0,
9,2,3,7,0,0,0,0,0,0,0]} 1. c4 c6 2. Nf3 d5 3. e3 Nf6 4. Qc2 e6 5. b3 b6 6. Bb2
{A11: English Opening: 1...c6.} Bb7 7. d4 Nbd7 {[#]} 8. Bd3 $146 ({Predecessor:
} 8. Nc3 Bd6 9. Bd3 O-O 10. cxd5 cxd5 11. O-O Rc8 12. Qe2 Ne4 13. Rfc1 f5 14.
Nb5 Rxc1+ 15. Rxc1 Bb8 16. Ne5 a6 17. Nxd7 Qxd7 {1/2-1/2 (34) Cocchi,A (2272)
-Misiano,F (2313) Civitanova Marche 2015}) 8... c5 9. Nbd2 Rc8 10. O-O Be7 11.
Rfe1 cxd4 12. exd4 Qc7 13. Rac1 Qf4 14. h3 h5 15. Qd1 O-O 16. Qe2 Bb4 17. Red1
Ne4 18. Nf1 Ng5 (18... dxc4 $11 19. bxc4 Rfd8) 19. Nxg5 $16 Qxg5 20. cxd5 (20.
c5 $5) 20... Bxd5 {[%csl Gd5][%cal Rg5g2] [#]The position is equal.} ({Much
weaker is} 20... Rxc1 $6 21. Bxc1 Qxd5 22. Ne3 $16) 21. Ne3 Nf6 22. Nxd5 Nxd5
23. Qf3 Bd6 24. Be4 g6 25. Rc4 Qf4 26. Qxf4 Bxf4 27. g3 Bg5 28. h4 Bf6 29. Rdc1
Rcd8 30. Kf1 Rd7 31. Ke2 Rfd8 32. Rc8 Kg7 33. Rxd8 Rxd8 34. Bxd5 Rxd5 35. Rc7
a5 {[%cal Ba7a5,Ba5a4][%mdl 32]} 36. Rb7 a4 37. Rxb6 {Weighted Error Value:
White=0.06/Black=0.08} 1/2-1/2

[Event "EICC 2021"]
[Site "Reykjavik"]
[Date "2021.09.03"]
[Round "9.15"]
[White "Paichadze, Luka"]
[Black "Donchenko, Alexander"]
[Result "1/2-1/2"]
[WhiteElo "2564"]
[BlackElo "2657"]
[Annotator "TA"]
[PlyCount "46"]
[EventDate "2021.08.26"]
[EventType "swiss"]
[EventCountry "ISL"]
[Tiebreak "Cut1 Buchholz"]
[SourceTitle "playchess.com"]
[Source "ChessBase"]
[SourceQuality "1"]

{[%evp 9,46,0,8,0,0,0,0,0,0,0,0,0,18,0,25,0,0,0,0,0,0,0,0,0,0,0,0,0,0,0,0,0,0,
0,0,0,0,0,0]} 1. e4 c5 2. Nc3 d6 3. d4 cxd4 4. Qxd4 Nc6 5. Qd2 g6 6. b3 {
B23: Closed Sicilian: Lines without g3.} Bh6 7. f4 Nf6 8. Bb2 O-O 9. O-O-O e5
10. g3 Re8 11. Kb1 Nd4 12. Nge2 Bg4 {The position is equal.} 13. Nxd4 exd4 14.
Qxd4 {Threatens to win with Bb5.} Bg7 {[#]} 15. Rc1 $146 ({Predecessor:} 15.
Nd5 Bxd1 16. Nxf6+ Bxf6 17. Qxf6 Qxf6 18. Bxf6 Bf3 19. Rg1 Bxe4 20. Bh3 Bf5 21.
Bxf5 gxf5 {0-1 (35) Gabrielian,A (2463)-Giri,A (2764) Chess.com INT 2020})
15... Nxe4 16. Qxg7+ Kxg7 17. Nxe4+ Kf8 18. Nf6 {[%mdl 64] [#] Double Attack}
Bf3 {...Re6 is the strong threat.} 19. Rg1 h5 20. Nh7+ Kg8 21. Nf6+ {[%mdl 64]
Double Attack} Kf8 22. Nh7+ Kg8 23. Nf6+ {[%mdl 64] [#] Double Attack} Kf8 {
A rather calm draw.  Weighted Error Value: White=0.02/Black=0.02} 1/2-1/2

[Event "EICC 2021"]
[Site "Reykjavik"]
[Date "2021.09.03"]
[Round "9.16"]
[White "Sebenik, Matej"]
[Black "Martirosyan, Haik M."]
[Result "1/2-1/2"]
[WhiteElo "2492"]
[BlackElo "2632"]
[Annotator "TA"]
[PlyCount "70"]
[EventDate "2021.08.26"]
[EventType "swiss"]
[EventCountry "ISL"]
[Tiebreak "Cut1 Buchholz"]
[SourceTitle "playchess.com"]
[Source "ChessBase"]
[SourceQuality "1"]

{[%evp 21,70,11,0,0,0,-13,26,0,0,10,5,16,20,15,11,8,12,8,9,8,8,8,15,8,9,8,31,
28,32,33,26,32,29,0,0,0,0,0,0,0,0,0,0,0,0,0,0,0,0,0,0]} 1. d4 Nf6 2. c4 e6 3.
Nf3 b6 4. g3 Ba6 5. Qa4 Bb7 6. Bg2 c5 7. dxc5 bxc5 8. O-O Be7 9. Nc3 O-O 10.
Rd1 Qb6 11. Bf4 Rd8 12. Rd2 {E15: Queen's Indian: 4 g3 sidelines, 4 g3 Ba6 and
4 g3 Bb7 early deviations.} Nc6 {[%cal Bb8c6,Bc6a5,Ba5c4][%mdl 32]} 13. Qb5 Na5
14. Rad1 {White has an edge.} Qxb5 15. cxb5 {With the idea Bc7.} Rac8 16. e4 h6
17. h4 Kf8 18. Ne1 Nc4 19. e5 Nd5 $1 20. Nxd5 Bxd5 21. Rc2 Nb6 22. b3 {[#]} f6
$146 ({Predecessor:} 22... Bxg2 23. Kxg2 c4 24. bxc4 Rxc4 25. Rxc4 Nxc4 26. a4
g5 27. Bc1 Nxe5 28. hxg5 hxg5 29. Be3 {0-1 (29) Elias,H (2331)-Juras,Z (2361)
GER email 2018}) 23. Nd3 Bxg2 24. Kxg2 fxe5 25. Nxe5 Nd5 26. Bd2 {aiming for
Ba5.} Bf6 27. Nc4 {Ba5 is the strong threat.} (27. f4 {is interesting.} d6 28.
Nc4 Nb4 29. Bxb4 cxb4 30. Rf2) 27... Nb4 $1 {[%cal Rb4c2] The position is
equal.} 28. Bxb4 cxb4 29. Re2 Rb8 30. Nd6 Rb6 31. Re4 Ke7 32. Nf5+ Kf7 33. Nd6+
Ke7 34. Nf5+ Kf8 35. Nd6 Ke7 {Weighted Error Value: White=0.04/Black=0.03}
1/2-1/2